000 00322nam a22001337a 4500
008 181107b xxu||||| |||| 00| 0 eng d
020 _a0873504135
041 _aeng
080 _a540
100 _a12
101 _aKIM
245 _aModern Electrology: Excess Hair, Its Causes and Treatments
_cGior,F
942 _2udc
_cBK
999 _c52111
_d52111